| 000 | 00626nam a2200229Ia 4500 | ||
|---|---|---|---|
| 003 | 0100 | ||
| 008 | 130303s9999 xx 000 0 und d | ||
| 020 | _a1556126530 | ||
| 040 | _cARRUPELIB | ||
| 050 | _aBV4390 .V5813 1993 | ||
| 100 | _aVogels, Heinz-Jurgen | ||
| 245 | _aCelibacy, gift or law = Pflichtzolibat. English | ||
| 245 | _ba critical investigation | ||
| 260 | _aKansas City | ||
| 260 | _bSheed Ward | ||
| 260 | _C1993 | ||
| 300 | _a138 p. | ||
| 300 | _b 21 cm | ||
| 650 | _bPeace--Religious aspects--Christianity War--Religious aspects--Christianity | ||
| 700 | _aHeinz-Jurgen Vogels | ||
| 942 | 0 | 0 | _01 |
| 999 |
_c8040 _d8040 |
||